CompTIA Network+ 7 - Statistics

General Stats
  • This quiz has been taken 4 times
  • The average score is 7 of 22
Answer Stats
Hint Answer % Correct
IT Information Technology
100%
ISP Internet Service Provider
100%
Kbps Kilobits per second
100%
LAN Local Area Network
100%
LED Light Emitting Diode
75%
ISDN Integrated Services Digital Network
25%
KVM Keyboard Video Mouse
25%
L2TP Layer 2 Tunneling Protocol
25%
LDAP Lightweight Directory Access Protocol
25%
LACP Link Aggregation Control Protocol
25%
LLDP Link Layer Discovery Protocol
25%
LTE Long Term Evolution
25%
MAC Media Access Control/Medium Access Control
25%
IV Initialization Vector
0%
ITS Intelligent Transportation System
0%
IS-IS Intermediate System to Intermediate System
0%
LWAPP Light Weight Access Point Protocol
0%
LSA Link State Advertisements
0%
LC Local Connector
0%
LEC Local Exchange Carrier
0%
LLC Logical Link Control
0%
MaaS Mobility as a Service
0%
No matching quizzes found
Score Distribution
Percent of People with Each Score
Percentile by Number Answered
Your Score History
You have not taken this quiz